000 01192naa a22003377a 4500
001 BR7602430
003 BR-BrBNA
005 20240918173825.0
007 ta
008 230509b bl.||||| |||| 00| 0 por d
040 _aBR-BrBNA
_bpor
_cBiblioteca Nacional de Agricultura
041 _a(Es)
072 _aF28
_b/G518
090 _aF28 BR7602430
100 1 _aGallardo, R.R.
111 1 _a3. Seminario Nacional de Irrigacao e Drenagem
_cFortaleza, CE (Brazil)
_d16 Nov 1975
245 1 _aConstrucion de defensas contra erosion fluvial [Recuperacao do solo; San Antonio Oeste; Colombia]
260 3 _aFortaleza, CE (Brasil):
_c1976.
500 _aAnais do 3. Seminario Nacional de Irrigacao e Drenagem Fortaleza, CE (Brasil): 1976. p. 203-205 (BR7602430-AM)F28
650 _aRecuperacao do solo
650 _aErosao hidrica
650 _aAgua
650 _aConservacao do solo
650 _aCordao em contorno
650 _aIrrigacao
650 _aSolo
650 _aTerraco
773 0 _tAnais do 3. Seminario Nacional de Irrigacao e Drenagem
_b
_wF28 BR7602430
_gFortaleza, CE (Brasil), 1976. p. 203-205
909 _a202404
_bLucia
_c55
_dLucia Elande
942 _cAM
_2AGRIS
999 _c307131
_d307131